000 00381nam a2200145Ia 4500
008 221030s9999 xx 000 0 und d
041 _aEnglish
082 _a105.23
_bPra
100 _aP. Prasad
245 0 _aCommunication Skills For Engineers & Professionals
_cby P. Prasad
260 _bS.K. Kataria & Sons
_aNew Delhi
_c1998
300 _a407
650 _aENGLISH
942 _cBK
999 _c8564
_d8564